[Event "POL-chT 2nd League"]
[Site "Mrzezyno"]
[Date "2011.09.09"]
[Round "7.30"]
[White "Kaczorowska, Barbara"]
[Black "Deckert, Magdalena"]
[Result "1-0"]
[WhiteElo "2150"]
[BlackElo "1998"]
[PlyCount "95"]
[EventDate "2011.09.03"]
[EventType "team-swiss"]
[EventRounds "9"]
[EventCountry "POL"]
[SourceTitle "EXT 2015"]
[Source "ChessBase"]
[SourceDate "2014.11.20"]
[SourceVersion "1"]
[SourceVersionDate "2014.11.20"]
[SourceQuality "1"]
[WhiteTeam "Warszawa KU AZS UW w"]
[BlackTeam "Bydgoszcz Hetman"]
[WhiteTeamCountry "POL"]
[BlackTeamCountry "POL"]

1. d4 d5 2. c4 dxc4 3. Nf3 Nf6 4. Nc3 e6 5. e3 c5 6. Bxc4 a6 7. 0-0 Nbd7 8. e4 Nb6 9. Bb3 Be7 10. Bg5 cxd4 11. Nxd4 0-0 12. e5 Nfd5 13. Bxe7 Qxe7 14. Ne4 Nd7 15. Nf3 Nb4 16. Re1 Nc6 17. Ng3 b6 18. Qd2 Bb7 19. Qf4 Rfd8 20. Nh5 Nf8 21. Nf6+ gxf6 22. exf6 Ng6 23. fxe7 Nxf4 24. exd8Q+ Rxd8 25. Rad1 Kf8 26. Bc2 h6 27. Rxd8+ Nxd8 28. Be4 Ke7 29. g3 Bxe4 30. Rxe4 Nd3 31. Rh4 Nxb2 32. Rb4 Nd3 33. Rxb6 Nc5 34. Nd4 Kd7 35. Nb3 Ndb7 36. Nxc5+ Nxc5 37. Rb4 Kc6 38. Rh4 Kb5 39. Rxh6 Ka4 40. h4 Ka3 41. Rf6 a5 42. h5 Kxa2 43. h6 Nd7 44. Rxf7 Ne5 45. Ra7 Ng6 46. Rxa5+ Kb2 47. Rg5 Nh8 48. h7 1-0

[Event "POL-chT 2nd League"]
[Site "Mrzezyno"]
[Date "2011.09.05"]
[Round "3.12"]
[White "Kaczorowska, Barbara"]
[Black "Jalowiec, Halina"]
[Result "0-1"]
[WhiteElo "2150"]
[BlackElo "2032"]
[PlyCount "146"]
[EventDate "2011.09.03"]
[EventType "team-swiss"]
[EventRounds "9"]
[EventCountry "POL"]
[SourceTitle "EXT 2015"]
[Source "ChessBase"]
[SourceDate "2014.11.20"]
[SourceVersion "1"]
[SourceVersionDate "2014.11.20"]
[SourceQuality "1"]
[WhiteTeam "Warszawa KU AZS UW w"]
[BlackTeam "Pilzno GKSz Hetman"]
[WhiteTeamCountry "POL"]
[BlackTeamCountry "POL"]

1. d4 f5 2. Qd3 d5 3. c4 e6 4. Nf3 Nf6 5. Bg5 Be7 6. Nc3 0-0 7. e3 c6 8. Be2 Bd7 9. h3 Be8 10. g4 fxg4 11. Ne5 Nbd7 12. Bxf6 Bxf6 13. hxg4 g6 14. Nxd7 Qxd7 15. f4 Rd8 16. g5 Bh8 17. Bg4 Qd6 18. 0-0-0 Rxf4 19. c5 Qc7 20. Rh4 Rf2 21. Bxe6+ Bf7 22. Rdh1 Bg7 23. Rxh7 Kf8 24. Bxf7 Qxf7 25. Nd1 Rf5 26. Qa3 a6 27. Qa5 Re8 28. Rg1 Qe7 29. Qe1 Rxg5 30. Qf2+ Kg8 31. Rhh1 Rxg1 32. Rxg1 Qf7 33. Qh4 Re4 34. Qg5 Re6 35. Rg4 Qf6 36. Qxf6 Rxf6 37. Kd2 Re6 38. Nf2 Bh6 39. Rg3 Kf7 40. Nd3 Bg7 41. b4 Re4 42. Rf3+ Ke7 43. Nf2 Rh4 44. Kd3 Ke6 45. a4 Bf6 46. Ke2 Rh2 47. Rh3 Rxh3 48. Nxh3 Bh4 49. Nf4+ Kf5 50. Nd3 Ke4 51. Ne5 Bg5 52. b5 cxb5 53. axb5 axb5 54. Nxg6 Bxe3 55. Ne7 Bxd4 56. c6 bxc6 57. Nxc6 Bc3 58. Kd1 d4 59. Kc2 b4 60. Na5 d3+ 61. Kd1 Bd4 62. Kc1 Be3+ 63. Kb2 Bd2 64. Nc4 Be1 65. Kc1 Kd4 66. Nb2 b3 67. Nd1 Bc3 68. Kb1 d2 69. Nf2 Ke3 70. Nd1+ Kd3 71. Nf2+ Kc4 72. Nd1 Bd4 73. Nc3 Kxc3 0-1

[Event "POL-chT 2st League"]
[Site "Mrzezyno"]
[Date "2010.09.06"]
[Round "3.89"]
[White "Grzeskow, Adrian"]
[Black "Kaczorowska, Barbara"]
[Result "0-1"]
[WhiteElo "1841"]
[BlackElo "2184"]
[PlyCount "55"]
[EventDate "2010.09.04"]
[EventType "team-swiss"]
[EventRounds "9"]
[EventCountry "POL"]
[SourceTitle "EXT 2019"]
[Source "ChessBase"]
[SourceDate "2018.10.10"]
[SourceVersion "1"]
[SourceVersionDate "2018.10.10"]
[SourceQuality "1"]
[WhiteTeam "Bogatynia UKS SP3"]
[BlackTeam "Izabelin SSz Parazauroloff"]
[WhiteTeamCountry "POL"]
[BlackTeamCountry "POL"]

1. e4 c5 2. Nf3 d6 3. Bc4 e6 4. 0-0 Nc6 5. c3 Nf6 6. d3 a6 7. a4 Be7 8. Bb3 0-0 9. Re1 Qc7 10. d4 Na5 11. Bc2 e5 12. d5 c4 13. Nbd2 Bg4 14. h3 Bh5 15. Nf1 b5 16. g4 Bg6 17. Ng3 Nb7 18. Kh2 Nc5 19. axb5 axb5 20. Rxa8 Rxa8 21. Nf5 Ra1 22. Qe2 Bf8 23. Bg5 Qa7 24. Bxf6 gxf6 25. Ng3 Qa2 26. Rxa1 Qxa1 27. Qd2 Qa2 28. Bd1 0-1

[Event "Mazowiec-chT 0910"]
[Site "Mazowsze"]
[Date "2010.02.14"]
[Round "6.29"]
[White "Kaczorowska, Barbara"]
[Black "Kazmierczak, Ewa"]
[Result "1-0"]
[WhiteElo "2222"]
[BlackElo "1419"]
[PlyCount "81"]
[EventDate "2009.11.29"]
[EventType "team-tourn"]
[EventRounds "11"]
[EventCountry "POL"]
[SourceTitle "EXT 2011"]
[Source "ChessBase"]
[SourceDate "2010.11.26"]
[SourceVersion "1"]
[SourceVersionDate "2010.11.26"]
[SourceQuality "1"]

1. d4 d5 2. c4 dxc4 3. Nf3 Nf6 4. Nc3 a6 5. a4 e6 6. e3 c5 7. Bxc4 Nc6 8. 0-0 Na5 9. Ba2 cxd4 10. exd4 Be7 11. Re1 Nc6 12. d5 Nxd5 13. Bxd5 exd5 14. Nxd5 Be6 15. Nxe7 Qxd1 16. Rxd1 Nxe7 17. Be3 0-0 18. Bc5 Rfe8 19. Nd4 Nf5 20. Nxe6 Rxe6 21. Rd7 Rae8 22. Kf1 b6 23. Bb4 h6 24. Rad1 Re2 25. Rd8 R2e6 26. Rxe8+ Rxe8 27. Rd5 g6 28. Bc3 h5 29. Rd7 b5 30. axb5 axb5 31. Rd5 Ng7 32. Rxb5 Ne6 33. Be5 Rc8 34. b4 Kf8 35. Ke2 Re8 36. Kd3 Rd8+ 37. Kc4 Kg8 38. Rb7 Rd2 39. Rb8+ Nf8 40. Bd4 Rc2+ 41. Kd3 1-0

[Event "Mazowiec-chT 0910"]
[Site "Mazowsze"]
[Date "2010.01.10"]
[Round "3.9"]
[White "Kaczorowska, Barbara"]
[Black "Starczewska, Malgorzata"]
[Result "0-1"]
[WhiteElo "2222"]
[BlackElo "1879"]
[PlyCount "130"]
[EventDate "2009.11.29"]
[EventType "team-tourn"]
[EventRounds "11"]
[EventCountry "POL"]
[SourceTitle "EXT 2011"]
[Source "ChessBase"]
[SourceDate "2010.11.26"]
[SourceVersion "1"]
[SourceVersionDate "2010.11.26"]
[SourceQuality "1"]

1. d4 g6 2. e4 Bg7 3. Nf3 d6 4. Bc4 c6 5. a4 Nf6 6. Qe2 Bg4 7. Nc3 0-0 8. Be3 d5 9. exd5 cxd5 10. Bd3 Nc6 11. h3 Bxf3 12. Qxf3 e5 13. dxe5 Nxe5 14. Qf4 Nh5 15. Qb4 Nxd3+ 16. cxd3 d4 17. g4 dxe3 18. gxh5 exf2+ 19. Kd2 Qg5+ 20. Kc2 Qg2 21. Raf1 Rac8 22. Kb3 Bxc3 23. bxc3 Qd5+ 24. c4 Qxd3+ 25. Qc3 Qxc3+ 26. Kxc3 Rfe8 27. Rxf2 Re4 28. Kb3 Rcxc4 29. Rd1 Rb4+ 30. Ka3 Rbd4 31. Rdf1 Re7 32. Rf3 Rde4 33. h6 f5 34. Kb2 Re3 35. h4 Rxf3 36. Rxf3 Re5 37. Rd3 Kf7 38. Rd8 Re8 39. Rd6 Re4 40. Rd8 Re8 41. Rd6 Re4 42. Rd8 Re8 43. Rd6 Ke7 44. Rd1 Rd8 45. Re1+ Kf6 46. Rc1 Rd7 47. Rc8 Rf7 48. Kc3 g5 49. hxg5+ Kxg5 50. Kd3 Kxh6 51. Ke3 Kg5 52. Kf3 Rd7 53. Rg8+ Kf6 54. Rf8+ Ke6 55. Re8+ Re7 56. Ra8 a6 57. Kf4 Rf7 58. Rd8 Rc7 59. Re8+ Kd6 60. Kxf5 Rf7+ 61. Kg5 Kd5 62. Rc8 b6 63. Kh6 a5 64. Rc1 b5 65. Rd1+ Kc5 0-1

[Event "Mazowiec-chT 0910"]
[Site "Mazowsze"]
[Date "2009.11.29"]
[Round "1.13"]
[White "Kaczorowska, Barbara"]
[Black "Litwiniec, Miroslawa"]
[Result "0-1"]
[WhiteElo "2222"]
[BlackElo "1806"]
[PlyCount "60"]
[EventDate "2009.11.29"]
[EventType "team-tourn"]
[EventRounds "11"]
[EventCountry "POL"]
[SourceTitle "EXT 2011"]
[Source "ChessBase"]
[SourceDate "2010.11.26"]
[SourceVersion "1"]
[SourceVersionDate "2010.11.26"]
[SourceQuality "1"]

1. d4 d5 2. c4 c6 3. Nc3 Nf6 4. Nf3 Bf5 5. cxd5 cxd5 6. Bf4 e6 7. e3 Bd6 8. Bb5+ Nc6 9. Qa4 0-0 10. Bxc6 bxc6 11. Ne5 Qb6 12. 0-0 c5 13. e4 Bxe5 14. Bxe5 Nxe4 15. Nxe4 Bxe4 16. dxc5 Qxc5 17. Rac1 Qb6 18. Rc6 Qb7 19. Rc7 Qb6 20. Rfc1 a6 21. Qd7 Rad8 22. Qe7 Bg6 23. R7c6 Qb5 24. R6c3 Qe2 25. Bc7 Rde8 26. Qd6 Ra8 27. Qb6 h6 28. h3 Be4 29. Bd6 Rfe8 30. Rc7 Qd2 0-1

[Event "POL-chT 2nd League"]
[Site "Wysowa"]
[Date "2007.09.08"]
[Round "6"]
[White "Walas, Aleksandra"]
[Black "Kaczorowska, Barbara"]
[Result "0-1"]
[WhiteElo "1884"]
[BlackElo "2209"]
[PlyCount "68"]
[EventDate "2007.09.03"]
[EventType "team-swiss"]
[EventRounds "9"]
[EventCountry "POL"]
[SourceTitle "EXT 2010"]
[Source "ChessBase"]
[SourceDate "2010.11.25"]
[SourceVersion "1"]
[SourceVersionDate "2010.11.25"]
[SourceQuality "1"]
[WhiteTeam "Grodzisk Polfa Mazowiecki"]
[BlackTeam "Zielonka Zieloni"]
[WhiteTeamCountry "POL"]
[BlackTeamCountry "POL"]

1. e4 c5 2. Nf3 d6 3. c3 Nf6 4. Bd3 g6 5. 0-0 Nc6 6. Bc2 Bg4 7. h3 Bxf3 8. Qxf3 Bg7 9. d3 0-0 10. Be3 Nd7 11. Qd1 Rc8 12. Qc1 Re8 13. f4 e6 14. f5 exf5 15. exf5 b5 16. fxg6 hxg6 17. Bg5 Qc7 18. Nd2 d5 19. Nf3 Nde5 20. Nxe5 Bxe5 21. Bf6 Bxf6 22. Rxf6 Re2 23. Bd1 Re1+ 24. Rf1 Qg3 25. Qd2 Rxf1+ 26. Kxf1 Ne5 27. Be2 Qh2 28. Qe3 Rc6 29. Ke1 Re6 30. Kd2 Qxg2 31. Rg1 Nf3+ 32. Qxf3 Qxg1 33. Qf4 Kg7 34. h4 Qb1 0-1

[Event "POL-chT Liga Mazowiecka 2006/07"]
[Site "Poland"]
[Date "2007.02.04"]
[Round "8.12"]
[White "Truszkiewicz, Eliza"]
[Black "Kaczorowska, Barbara"]
[Result "0-1"]
[WhiteElo "1977"]
[BlackElo "2212"]
[PlyCount "86"]
[EventDate "2006.10.22"]
[EventType "team-swiss"]
[EventRounds "9"]
[EventCountry "POL"]
[SourceTitle "EXT 2011"]
[Source "ChessBase"]
[SourceDate "2010.11.26"]
[SourceVersion "1"]
[SourceVersionDate "2010.11.26"]
[SourceQuality "1"]
[WhiteTeam "Warszawa Entropia"]
[BlackTeam "Zielonka Zieloni Juniorzy"]
[WhiteTeamCountry "POL"]
[BlackTeamCountry "POL"]

1. e4 c5 2. Nf3 d6 3. d4 cxd4 4. Nxd4 Nf6 5. Nc3 a6 6. Be2 e5 7. Nb3 Be6 8. 0-0 Be7 9. f4 Qc7 10. Qe1 0-0 11. Qg3 Nbd7 12. f5 Bc4 13. Bxc4 Qxc4 14. Bg5 Kh8 15. Rad1 b5 16. Qd3 Rfc8 17. Bxf6 Nxf6 18. Rd2 b4 19. Nd5 Nxd5 20. Qxd5 Qxd5 21. exd5 a5 22. Rfd1 Bg5 23. Re2 Rc4 24. g3 g6 25. h4 Bd8 26. fxg6 hxg6 27. Nc1 Rac8 28. Rdd2 Bb6+ 29. Kg2 Kg7 30. Nd3 e4 31. Ne1 f5 32. Rd1 a4 33. b3 Rc3 34. Rb1 Ra8 35. bxa4 Rxa4 36. Rb3 Bd4 37. Rd2 Be5 38. Re2 Ra3 39. Rxb4 Rxg3+ 40. Kf2 Rh3 41. Ng2 Raf3+ 42. Kg1 Rh1+ 43. Kxh1 Rf1# 0-1

[Event "Warsaw AIG Life rapid"]
[Site "Warsaw"]
[Date "2005.12.18"]
[Round "13"]
[White "Kaczorowska, Barbara"]
[Black "Ejsmont, Krzysztof"]
[Result "0-1"]
[WhiteElo "2212"]
[BlackElo "2395"]
[PlyCount "100"]
[EventDate "2005.12.17"]
[EventType "swiss (rapid)"]
[EventRounds "13"]
[EventCountry "POL"]
[SourceTitle "CBM 110 Extra"]
[Source "ChessBase"]
[SourceDate "2006.03.10"]
[SourceVersion "2"]
[SourceVersionDate "2006.03.10"]
[SourceQuality "1"]

1. d4 d5 2. c4 c6 3. Nc3 Nf6 4. Nf3 e6 5. cxd5 exd5 6. Bg5 Be7 7. e3 Bf5 8. Bd3 Bxd3 9. Qxd3 Nbd7 10. 0-0 0-0 11. a3 a5 12. Rac1 Re8 13. Nd2 Bd6 14. h3 h6 15. Bh4 Qb8 16. Ne2 Ne4 17. Nxe4 Rxe4 18. Bg3 Nf6 19. b4 Qf8 20. Bxd6 Qxd6 21. b5 cxb5 22. Qxb5 Qxa3 23. Qxb7 Ree8 24. Rc7 Qf8 25. Nf4 Red8 26. Nd3 Ne8 27. Rc5 Nf6 28. Ne5 Rdb8 29. Qc6 a4 30. Ra1 a3 31. Kh2 Ra7 32. Nd3 Qd8 33. Rc3 Rba8 34. Ra2 Ra6 35. Qc7 Qxc7+ 36. Rxc7 Ne4 37. Nb4 Ra5 38. f3 Nd6 39. Rc6 Nf5 40. Nc2 Re8 41. Rc3 Rea8 42. g4 Nd6 43. Rcxa3 Rxa3 44. Rxa3 Rb8 45. Kg3 Rb2 46. Ne1 Nc4 47. Rc3 Re2 48. Ng2 Nd2 49. h4 g5 50. f4 Ne4+ 0-1

[Event "Mazowieckie-chT 0506"]
[Site "Poland"]
[Date "2005.12.11"]
[Round "6"]
[White "Nagrodzka, Iwona"]
[Black "Kaczorowska, Barbara"]
[Result "0-1"]
[WhiteElo "1800"]
[BlackElo "2212"]
[PlyCount "72"]
[EventDate "2005.10.09"]
[EventType "team-tourn"]
[EventRounds "9"]
[EventCountry "POL"]
[SourceTitle "EXT 2019"]
[Source "ChessBase"]
[SourceDate "2018.10.10"]
[SourceVersion "1"]
[SourceVersionDate "2018.10.10"]
[SourceQuality "1"]

1. d4 Nf6 2. c4 g6 3. e3 Bg7 4. Nc3 d5 5. Nf3 0-0 6. Be2 c6 7. 0-0 Bf5 8. h3 Nbd7 9. cxd5 Nxd5 10. Nh4 Be6 11. e4 Nxc3 12. bxc3 Nb6 13. Be3 Nc4 14. Bg5 h6 15. Be3 Nxe3 16. fxe3 Qa5 17. Qc2 Qg5 18. Rf4 Bxh3 19. Bf3 e5 20. Nxg6 fxg6 21. Rxf8+ Rxf8 22. Qf2 Bxg2 23. Qxg2 Rxf3 24. Qxg5 hxg5 25. Re1 exd4 26. cxd4 Rxe3 27. Rxe3 Bxd4 28. Kf2 Kf7 29. Kf3 g4+ 30. Ke2 Bxe3 31. Kxe3 g5 32. a3 Ke6 33. a4 Ke5 34. a5 g3 35. Kf3 g2 36. Kxg2 Kxe4 0-1

[Event "POL-chT 1st League"]
[Site "Ustron"]
[Date "2003.09.14"]
[Round "9"]
[White "Kaczorowska, Barbara"]
[Black "Gazik, Renata"]
[Result "1/2-1/2"]
[WhiteElo "2189"]
[BlackElo "2170"]
[PlyCount "73"]
[EventDate "2003.09.06"]
[EventType "team-tourn"]
[EventRounds "9"]
[EventCountry "POL"]
[SourceTitle "EXT 2005"]
[Source "ChessBase"]
[SourceDate "2004.11.15"]
[SourceVersion "1"]
[SourceVersionDate "2004.11.15"]
[SourceQuality "1"]
[WhiteTeam "Warszawa AZS UW"]
[BlackTeam "Raciborz Rzemioslo"]
[WhiteTeamCountry "POL"]
[BlackTeamCountry "POL"]

1. d4 Nf6 2. c4 e6 3. Nc3 Bb4 4. e3 c5 5. Nf3 Bxc3+ 6. bxc3 b6 7. Bd3 Nc6 8. 0-0 d6 9. Ng5 h6 10. Ne4 Bb7 11. f4 Nxe4 12. Bxe4 Qd7 13. f5 e5 14. Bd5 0-0-0 15. dxc5 dxc5 16. e4 Kb8 17. Be3 f6 18. Qe2 Na5 19. Rab1 Qa4 20. Bf2 Rc8 21. Rfd1 Ba6 22. Rb5 Bxb5 23. cxb5 c4 24. Rb1 Qa3 25. Qc2 Qd6 26. Rb4 Rc7 27. h3 Rhc8 28. Ra4 Rc5 29. Bxc5 Qxc5+ 30. Kh2 Qxb5 31. Rb4 Qc5 32. Qb2 Qe3 33. Rb5 Nb7 34. Qb4 Qf4+ 35. Kh1 Qf1+ 36. Kh2 Qf3 37. Kh1 1/2-1/2

[Event "POL-chT 1st League"]
[Site "Ustron"]
[Date "2003.09.12"]
[Round "7"]
[White "Kupczyk, Edyta"]
[Black "Kaczorowska, Barbara"]
[Result "0-1"]
[WhiteElo "2135"]
[BlackElo "2189"]
[PlyCount "40"]
[EventDate "2003.09.06"]
[EventType "team-tourn"]
[EventRounds "9"]
[EventCountry "POL"]
[SourceTitle "EXT 2005"]
[Source "ChessBase"]
[SourceDate "2004.11.15"]
[SourceVersion "1"]
[SourceVersionDate "2004.11.15"]
[SourceQuality "1"]
[WhiteTeam "Szopienice HetMaN"]
[BlackTeam "Warszawa AZS UW"]
[WhiteTeamCountry "POL"]
[BlackTeamCountry "POL"]

1. e4 c5 2. Nf3 d6 3. d4 cxd4 4. Nxd4 Nf6 5. Nc3 a6 6. Be2 e5 7. Nb3 Be6 8. 0-0 Be7 9. Kh1 d5 10. exd5 Nxd5 11. Ne4 Qc7 12. Ng5 Bxg5 13. Bxg5 0-0 14. Qd3 f6 15. Bd2 Nc6 16. c4 Nde7 17. Qc3 Rad8 18. f4 Nd4 19. Bd3 Nxb3 20. axb3 Qd7 0-1

[Event "POL-chT 58th 2nd League"]
[Site "Wisla"]
[Date "2002.??.??"]
[Round "?"]
[White "Kaczorowska, Barbara"]
[Black "Socha, Anna"]
[Result "1/2-1/2"]
[WhiteElo "2151"]
[BlackElo "2053"]
[PlyCount "40"]
[EventDate "2002.08.30"]
[EventType "team-swiss"]
[EventRounds "11"]
[EventCountry "POL"]
[SourceTitle "EXT 2019"]
[Source "ChessBase"]
[SourceDate "2018.10.10"]
[SourceVersion "1"]
[SourceVersionDate "2018.10.10"]
[SourceQuality "1"]

1. e4 e5 2. Nf3 Nc6 3. Bc4 Nf6 4. Ng5 Bc5 5. 0-0 0-0 6. d3 h6 7. Nf3 d5 8. exd5 Nxd5 9. Nc3 Nxc3 10. bxc3 Bg4 11. Be3 Bb6 12. a4 Qd6 13. Qe2 e4 14. dxe4 Ne5 15. Bf4 Bxf3 16. gxf3 Qf6 17. Bxe5 Qxe5 18. Qd2 Rad8 19. Bd3 c6 20. Rab1 Rd6 1/2-1/2

[Event "POL-chT 58th 2nd League"]
[Site "Wisla"]
[Date "2002.??.??"]
[Round "?"]
[White "Kohut, Anna"]
[Black "Kaczorowska, Barbara"]
[Result "0-1"]
[WhiteElo "2011"]
[BlackElo "2151"]
[PlyCount "40"]
[EventDate "2002.08.30"]
[EventType "team-swiss"]
[EventRounds "11"]
[EventCountry "POL"]
[SourceTitle "EXT 2019"]
[Source "ChessBase"]
[SourceDate "2018.10.10"]
[SourceVersion "1"]
[SourceVersionDate "2018.10.10"]
[SourceQuality "1"]

1. e4 c5 2. Nf3 g6 3. d4 cxd4 4. Nxd4 Bg7 5. Be3 Nf6 6. Nc3 Nc6 7. Bc4 Qa5 8. 0-0 0-0 9. Bb3 d6 10. h3 Bd7 11. f4 a6 12. Nf3 b5 13. e5 Ne8 14. Nd5 Qd8 15. exd6 Nxd6 16. Bb6 Qb8 17. Bc7 Qa7+ 18. Bb6 Qb8 19. Bc5 Nc4 20. Bxc4 bxc4 0-1

[Event "POL-chT 58th 2nd League"]
[Site "Wisla"]
[Date "2002.??.??"]
[Round "?"]
[White "Majdan, Joanna"]
[Black "Kaczorowska, Barbara"]
[Result "1/2-1/2"]
[WhiteElo "2009"]
[BlackElo "2151"]
[PlyCount "40"]
[EventDate "2002.08.30"]
[EventType "team-swiss"]
[EventRounds "11"]
[EventCountry "POL"]
[SourceTitle "EXT 2019"]
[Source "ChessBase"]
[SourceDate "2018.10.10"]
[SourceVersion "1"]
[SourceVersionDate "2018.10.10"]
[SourceQuality "1"]
[WhiteTeam "Koszalin Hetman Politechnika"]
[WhiteTeamCountry "POL"]

1. e4 c5 2. Nf3 g6 3. d4 cxd4 4. Qxd4 Nf6 5. Bb5 a6 6. e5 axb5 7. exf6 exf6 8. 0-0 Ra6 9. Nc3 Bg7 10. Nxb5 0-0 11. Bf4 Nc6 12. Qd2 Ne5 13. Nfd4 d5 14. Bg3 Bd7 15. a4 f5 16. b3 Qb6 17. Rad1 Rc8 18. Rfe1 Re8 19. Re2 Raa8 20. Rde1 f6 1/2-1/2

[Event "POL-chT 55th"]
[Site "Suwalki"]
[Date "1999.09.24"]
[Round "7"]
[White "Kaczorowska, Barbara"]
[Black "Michna, Marta"]
[Result "1/2-1/2"]
[WhiteElo "2210"]
[BlackElo "2356"]
[PlyCount "51"]
[EventDate "1999.09.18"]
[EventType "team-tourn"]
[EventRounds "11"]
[EventCountry "POL"]
[SourceTitle "EXT 2019"]
[Source "ChessBase"]
[SourceDate "2018.10.10"]
[SourceVersion "1"]
[SourceVersionDate "2018.10.10"]
[SourceQuality "1"]
[WhiteTeam "Warszawa Entropia"]
[BlackTeam "Wroclaw Hetman"]
[WhiteTeamCountry "POL"]
[BlackTeamCountry "POL"]

1. d4 d5 2. c4 e6 3. Nc3 c6 4. cxd5 exd5 5. Nf3 Bd6 6. Qc2 Ne7 7. Bg5 f6 8. Bh4 Bf5 9. Qd2 Na6 10. e3 Nc7 11. Bg3 0-0 12. Bd3 Re8 13. 0-0 Bxd3 14. Qxd3 Nc8 15. Rfc1 Qe7 16. a3 Bxg3 17. hxg3 Nd6 18. Nd2 g5 19. b4 a5 20. Nb3 axb4 21. axb4 Nc4 22. Rxa8 Rxa8 23. Qf5 Ne6 24. Qc2 Kg7 25. Nc5 b6 26. Nd3 1/2-1/2

[Event "POL-chT 55th"]
[Site "Suwalki"]
[Date "1999.09.23"]
[Round "6"]
[White "Socko, Monika"]
[Black "Kaczorowska, Barbara"]
[Result "1-0"]
[WhiteElo "2438"]
[BlackElo "2210"]
[PlyCount "69"]
[EventDate "1999.09.18"]
[EventType "team-tourn"]
[EventRounds "11"]
[EventCountry "POL"]
[SourceTitle "EXT 2019"]
[Source "ChessBase"]
[SourceDate "2018.10.10"]
[SourceVersion "1"]
[SourceVersionDate "2018.10.10"]
[SourceQuality "1"]
[WhiteTeam "Poznan Pocztowiec"]
[BlackTeam "Warszawa Entropia"]
[WhiteTeamCountry "POL"]
[BlackTeamCountry "POL"]

1. d4 Nf6 2. Nf3 c5 3. d5 d6 4. Nc3 Qa5 5. Bd2 b5 6. Ne4 Qb6 7. Nxf6+ exf6 8. e4 g6 9. a4 b4 10. a5 Qc7 11. c3 bxc3 12. Bxc3 Bg7 13. Bb5+ Bd7 14. Bd3 0-0 15. Nd2 f5 16. 0-0 fxe4 17. Nxe4 f5 18. Bxg7 Kxg7 19. Nc3 Qb7 20. Qe2 Re8 21. a6 Qb4 22. Qd2 Qd4 23. Rfd1 f4 24. Bf1 Qxd2 25. Rxd2 Re7 26. f3 Bf5 27. Nb5 Rd7 28. Re2 Kf7 29. g4 fxg3 30. hxg3 h5 31. Ra4 g5 32. g4 Bd3 33. Re6 Bxb5 34. Bxb5 Rd8 35. Rae4 1-0

[Event "POL-chT 55th"]
[Site "Suwalki"]
[Date "1999.09.22"]
[Round "5"]
[White "Kaczorowska, Barbara"]
[Black "Wiliczkiewicz, Zdzislawa"]
[Result "1/2-1/2"]
[WhiteElo "2210"]
[BlackElo "2106"]
[PlyCount "120"]
[EventDate "1999.09.18"]
[EventType "team-tourn"]
[EventRounds "11"]
[EventCountry "POL"]
[SourceTitle "EXT 2019"]
[Source "ChessBase"]
[SourceDate "2018.10.10"]
[SourceVersion "1"]
[SourceVersionDate "2018.10.10"]
[SourceQuality "1"]
[WhiteTeam "Warszawa Entropia"]
[BlackTeam "Zabrze Budosak"]
[WhiteTeamCountry "POL"]
[BlackTeamCountry "POL"]

1. d4 d6 2. Nf3 Nf6 3. g3 Nbd7 4. Bg2 e5 5. c4 Be7 6. Nc3 c6 7. e4 0-0 8. 0-0 Re8 9. h3 Bf8 10. Re1 a6 11. Be3 Qc7 12. Qc2 b6 13. Nh4 g6 14. f4 Bg7 15. Rad1 Bb7 16. Qf2 exd4 17. Bxd4 c5 18. Bxf6 Bxf6 19. Kh2 Bd4 20. Qc2 Re7 21. Nf3 Bxc3 22. bxc3 Rae8 23. Qd3 Bxe4 24. Qxd6 Qxd6 25. Rxd6 Bxf3 26. Rxe7 Rxe7 27. Bxf3 Kg7 28. Kg2 a5 29. g4 f6 30. h4 g5 31. hxg5 fxg5 32. f5 Nf6 33. Rxb6 Re3 34. Rb7+ Kf8 35. Rb3 Rd3 36. Ra3 h5 37. gxh5 g4 38. Be2 Rd2 39. Kf1 g3 40. Rxa5 g2+ 41. Kxg2 Rxe2+ 42. Kf3 Rh2 43. h6 Rxh6 44. Rxc5 Rh3+ 45. Kf4 Rh4+ 46. Ke3 Rh8 47. Kd4 Rh4+ 48. Kd3 Rh3+ 49. Kc2 Ne4 50. Rc8+ Ke7 51. Kb3 Rxc3+ 52. Kb4 Rf3 53. Rc7+ Kd8 54. Rf7 Nd6 55. Rf6 Kc7 56. c5 Nxf5 57. a4 Nd4 58. Rh6 Nc6+ 59. Kc4 Rf4+ 60. Kb3 Rf3+ 1/2-1/2

[Event "POL-chT 55th"]
[Site "Suwalki"]
[Date "1999.09.21"]
[Round "4"]
[White "Krupa, Monika"]
[Black "Kaczorowska, Barbara"]
[Result "1-0"]
[WhiteElo "2198"]
[BlackElo "2210"]
[PlyCount "55"]
[EventDate "1999.09.18"]
[EventType "team-tourn"]
[EventRounds "11"]
[EventCountry "POL"]
[SourceTitle "EXT 2019"]
[Source "ChessBase"]
[SourceDate "2018.10.10"]
[SourceVersion "1"]
[SourceVersionDate "2018.10.10"]
[SourceQuality "1"]
[WhiteTeam "Glogow MOK Chrobry"]
[BlackTeam "Warszawa Entropia"]
[WhiteTeamCountry "POL"]
[BlackTeamCountry "POL"]

1. e4 c5 2. Nf3 Qc7 3. d4 cxd4 4. Nxd4 Nc6 5. Nb5 Qb8 6. a4 a6 7. N5a3 Nf6 8. Nc3 e6 9. g3 Bb4 10. Bg2 Nxe4 11. Bxe4 Qe5 12. 0-0 Bxc3 13. Bxc6 bxc6 14. bxc3 Qxc3 15. Be3 0-0 16. Bd4 Qb4 17. c3 Qe7 18. Nc4 f6 19. Rb1 e5 20. Be3 d5 21. Nb6 Bf5 22. Nxa8 Bxb1 23. Qxb1 Rxa8 24. Qb6 Qe8 25. Rb1 h5 26. Qb7 h4 27. Rb4 h3 28. Bh6 1-0

[Event "MK Cafe Cup-B"]
[Site "Koszalin"]
[Date "1999.08.12"]
[Round "9"]
[White "Kaczorowska, Barbara"]
[Black "Syrtlanov, Vil"]
[Result "0-1"]
[WhiteElo "2210"]
[BlackElo "2397"]
[PlyCount "70"]
[EventDate "1999.08.03"]
[EventType "swiss"]
[EventRounds "10"]
[EventCountry "POL"]
[SourceTitle "EXT 2000"]
[Source "ChessBase"]
[SourceDate "1999.11.16"]
[SourceVersion "1"]
[SourceVersionDate "1999.11.16"]
[SourceQuality "1"]

1. d4 d5 2. c4 e6 3. Nc3 c5 4. e3 Nf6 5. Nf3 Nc6 6. a3 Be7 7. dxc5 Bxc5 8. b4 Be7 9. Bb2 0-0 10. cxd5 exd5 11. Be2 a6 12. 0-0 Be6 13. Rc1 Rc8 14. Nd4 Bd6 15. Bf3 Ne5 16. Be2 Bb8 17. g3 Bh3 18. Re1 Re8 19. Rc2 Neg4 20. Bf3 h5 21. Bg2 Bxg2 22. Kxg2 h4 23. Nf3 hxg3 24. hxg3 Qc7 25. Rce2 Nxf2 26. Rxf2 Ng4 27. Qd2 Qxg3+ 28. Kf1 Qh3+ 29. Rg2 Qxf3+ 30. Kg1 Bh2+ 31. Kh1 Rxe3 32. Ne2 Nf2+ 33. Kxh2 Qh5+ 34. Kg1 Nh3+ 35. Kh1 Ng5+ 0-1